Rozpoznávanie obsahu taniera

Na minha lista:
Detalhes bibliográficos
Autor principal: Bašista, Peter (Author)
Outros Autores: Vojvoda, Milan (Thesis advisor)
Formato: Manuscrito Livro
Idioma:eslovaco
Publicado em: Bratislava : STU v Bratislave FEI, 2022
Assuntos:
Acesso em linha:https://opac.crzp.sk/?fn=detailBiblioFormChildYIPHM&sid=7E432E204D1F6C329C5B8F3802D8&seo=CRZP-detail-kniha
Tags: Adicionar Tag
Sem tags, seja o primeiro a adicionar uma tag!

MARC

LEADER 00000ntm a22000003a 4500
001 stuzp90589
003 SK-STU
005 20230130141934.1
007 ta
008 150427s2015----xo-----f-mn---000-0-slo-d
040 |a STU  |b slo 
041 0 |a slo 
044 |a xo 
100 1 |a Bašista, Peter  |u 035000  |4 aut  |U FEI Fakulta elektrotechniky a informatiky  |T FEI Ústav informatiky a matematiky  |X 92247  |U E050  |Y 816  |7 92247 
242 0 1 |a Plate Content Recognition  |y eng 
245 1 0 |a Rozpoznávanie obsahu taniera 
260 |a Bratislava :  |b STU v Bratislave FEI,  |c 2022 
300 |a 66 s., príl. 
650 4 |a umelá inteligencia  |2 slo 
650 4 |a rozpoznávanie  |2 slo 
650 4 |a jedlo  |2 slo 
650 4 |a mask r-cnn  |2 slo 
650 4 |a android  |2 slo 
650 4 |a Artificial Intelligence  |2 eng 
650 4 |a recognition  |2 eng 
650 4 |a food  |2 eng 
650 4 |a mask r-cnn  |2 eng 
650 4 |a android  |2 eng 
700 1 |a Vojvoda, Milan  |u 035000  |k Z1  |4 ths  |U FEI Fakulta elektrotechniky a informatiky  |T FEI Ústav informatiky a matematiky  |X 1885  |U E050  |Y 816  |7 A000001885 
856 4 |u https://opac.crzp.sk/?fn=detailBiblioFormChildYIPHM&sid=7E432E204D1F6C329C5B8F3802D8&seo=CRZP-detail-kniha